| 000 | 00755nam a2200229Ia 4500 | ||
|---|---|---|---|
| 003 | GCL | ||
| 005 | 20240530110920.0 | ||
| 008 | 140319s9999 xx 000 0 ara d | ||
| 020 | _a9770144258 | ||
| 040 |
_aGCL / _cGCL |
||
| 082 | 0 | 4 |
_a810.8 _bم ع |
| 100 | 0 | _aمصطفى لطفى المنفلوطى | |
| 245 | 1 | 2 |
_aالعبرات / _cمصطفى لطفى المنفلوطى |
| 260 |
_aالقاهرة : _bالهيئة المصرية العامة للكتاب ، _c1995 |
||
| 300 |
_a187 ص ؛ _c20 سم |
||
| 490 |
_aالصفوة _v0 |
||
| 650 | 0 | 4 | _aالمقالات العربية |
| 650 | 0 | 4 | _aمصطفى لطفى المنفلوطى |
| 650 | 0 | 4 | _aالادب العربى - العصر الحديث |
| 700 | 1 | _aطه وادى | |
| 942 |
_2ddc _cBK |
||
| 999 |
_c66470 _d66470 |
||